Tratado de pedagogía general

Αποθηκεύτηκε σε:
Λεπτομέρειες βιβλιογραφικής εγγραφής
Κύριος συγγραφέας: Hubert, René (Συγγραφέας)
Μορφή: Βιβλίο
Γλώσσα:Ισπανικά
Έκδοση: Buenos Aires El Ateneo 1952
Θέματα:
Ετικέτες: Προσθήκη ετικέτας
Δεν υπάρχουν, Καταχωρήστε ετικέτα πρώτοι!

MARC

LEADER 00000nam a2200000 a 4500
001 UCZ0563
003 CL-VaPUC
008 950728e19520000AG |||||||||||||||||spa|d
082 0 4 |a 370.1  |b HUB  |2 21 
100 |a Hubert, René  |e author  |9 356773 
245 1 0 |a Tratado de pedagogía general 
300 |a 602 p 
942 |c BK 
945 |d 19950728 00:00:00  |a cmena 
260 |a Buenos Aires  |b El Ateneo  |c 1952 
650 0 |a Filosofía de la educación   |9 258384 
650 7 |a PAPEL DE LA EDUCACION  |2 CL-VaPUC  |9 338800 
650 0 |a Educación  |9 258661 
650 0 |a Sociología de la educación   |9 260380 
650 0 |a Filosofía del espíritu  |9 320175 
650 0 |a Métodos de enseñanza  |9 270413 
650 0 |a Docentes  |9 311365 
583 |a last modification  |c 20130307 08:45:56  |k Rodrigo Vera 
999 |c 237481  |d 237479 
952 |0 0  |1 0  |4 0  |6 370_100000000000000_HUB_1952  |7 0  |8 P  |9 246646  |a BIBEDU  |b BIBEDU  |c BIBEDU_PB  |d 2019-11-18  |i 1547941  |o 370.1 HUB 1952  |p 1547941  |r 2024-01-25  |w 2019-11-18  |y BK  |k EDU